| 000 | 00743nam a2200169 i 4500 | ||
|---|---|---|---|
| 001 | 157986 | ||
| 003 | ES-MaACL | ||
| 005 | 20230906210932.0 | ||
| 008 | 990310s1900 ag |||| | spa d | ||
| 040 |
_aCCPB | B _bspa _cCCPB | B |
||
| 100 | 1 |
_aLópez Benedito, Fernando. _9129193 |
|
| 245 | 1 | 0 |
_aPoesías / _cFernando López Benedito ; [prólogo de Enrique Vera y González]. |
| 260 |
_aBuenos Aires : _b[s.n.], _c1900 ( _fImp. y Enc. de El Correo Español) |
||
| 300 |
_aXI, 214 p., [1] h. de lám. ; _c27 cm. |
||
| 700 | 1 |
_aVera y González, Enrique. _9133625 |
|
| 852 |
_aES-MaACL _jT-995-F-1 _z-- Enc. hol., conservando la cub. original _z-- Enc. en un vol. facticio _x-- Edic:Este ejemplar tiene 217 p., indice incluido en la paginación |
||
| 999 |
_c157986 _d157986 |
||